00434nam a2200097Ia 45000010005000000080041000050820025000461000063000712450178001342600024003122322241024s9999 xx 000 0 und d aRD/352/R426o/02-2008 aRepública Dominicana.Secretaria de Estado de Educación 0aOrdenanza No. 02-2008 que estable el Reglamento de las Juntas Descentralizadas a nivel Regional, Distrital y local (centro planteles y redes rurales de gestión educativas) bSanto Domingoc2008